000 00848pam a2200265 i 4500
001 15108
003 BD-RjUL
005 20211208235742.0
008 140209s1978 nyua b 001 0 eng
020 _a0024680303
035 _a(BD-RjUL)15162
040 _aDLC
_cDLC
_dDLC
_dBD-RjUL
_beng
041 _aeng
082 0 0 _a658.054
_bCOM
110 2 _aComputer Research Group.
_947030
245 1 0 _aComputer handbook for senior management /
_cDouglas B. Hoyt [chairman] ; Computer Research Group.
260 _aNew York :
_bMacmillan Information,
_cc1978.
300 _aviii, 212 p. :
_bill. ;
_c29 cm.
504 _aIncludes bibliographies and index.
650 0 _aElectronic data processing departments
_xManagement.
_91329
700 1 _aHoyt, Douglas B.
_947031
942 _2ddc
_cBK
999 _c15108
_d15108